000
00332pam a2200157a 44500
008
230405s2008 xxu||||| |||| 00| 0 eng d
041
_a
ENG
100
_a
M K Rampal
245
_a
Service Marketing
250
_a
1
260
_a
_b
Galgotia
_c
2008
300
_a
615p,25cms
440
_a
395
690
_a
IMRDA
906
_a
3966
999
_c
256825
_d
256825